LEADER 01018nam a2200265 i 4500 001 000000152335 003 CaOOAMICUS 005 20060803000000.0 008 060803s1977 it u000 u eng u 013 $a129676 020 $a0-00-616533-8 040 $aSeMil$bita 100 1 $aChristie, Agatha,$d<1890-1976>.$0(OLS)http://semarc/name/7447 245 10$aSleeping murder /$cAgatha Christie. 260 $a[London] :$bFontana,$ccopyr. 1976. 300 $a192 p. ;$c18 cm. 490 0 $aFontana Paperbacks ;$v6533 500 $aOriginariamente pubbl. : London : Collins, 1976. 830 0$aFontana Paperbacks ;$v6533.$0(OLS)http://semarc/title/21344 850 $aSeMil 852 $aSeMil$W1$xVenegono$y1$m1W I 364 =$j104294$B104294$CSeMilBibl$Z2$F114082 $81 961 $aLascito: Gogna prof.ssa Silvia 996 $6020$a0-00-616533-8$9(OLS)http://semarc/number/142011 996 $6245$aSleeping murder$9(OLS)http://semarc/title/222729 996 $6260$a[London] :$bFontana$9(OLS)http://semarc/publisher/34326 LEADER 00747nam a2200193 i 4500 001 000000150376 003 CaOOAMICUS 005 20251224144634.0 008 060519n it u000 u fre u 013 $a127714 040 $aSeMil$bita 245 13$a2: Le croyant et la verité /$cIgnace de La Potterie. 490 0 $aAnalecta Biblica ;$v74 773 0 $aLa Potterie, Ignace : de $tVerité dans saint Jean.$dRome : Biblical Institute Press, 1977.$g2$w()15742 830 0$aAnalecta biblica ;$v74.$0(OLS)http://semarc/title/6 850 $aSeMil 852 $aSeMil$W1$xVenegono$y1$m2HA G 74$j267153$B102522$CSeMilBibl$Z2$F111316 $81 996 $6245$a2: Le croyant et la verité$9(OLS)http://semarc/title/219912